| 000 | 01083nam a22002537a 4500 | ||
|---|---|---|---|
| 005 | 20240530110523.0 | ||
| 008 | 160223s2011 ua a g b 000 0 ara d | ||
| 017 |
_a2011/10918 _bمصر . دار الكتب المصرية |
||
| 020 | _a9789774219023 | ||
| 040 | _aEG-CaGPL | ||
| 082 | 0 | 4 |
_221 _a338.88\ _bم ن |
| 100 | 1 | _aميدلى ، جون . | |
| 245 | 1 | 0 |
_aنهب الفقراء : _bالشركات عابرة القومية و استنزاف موارد البلاد النامية / _cتاليف جون ميدلى ؛ ترجمة بدر الرفاعى . |
| 250 | _aط1. | ||
| 260 |
_aالقاهرة : _bالمركز القومى للترجمة ، _c2011 . |
||
| 300 |
_a301 ص ؛ _c24 سم . |
||
| 490 | 0 | _aالمشروع القومى للترجمة ، العدد 1858 | |
| 650 | 0 | 4 | _aالشركات متعددة الجنسيات . |
| 650 | 0 | 4 |
_aالتنمية الزراعية _zالدول النامية . |
| 651 | 0 | 4 | _aالدول النامية . |
| 700 | 0 |
_aبدر الرفاعى _eمترجم . |
|
| 942 |
_2ddc _cBK |
||
| 999 |
_c61940 _d61940 |
||